V cloude môže každý zálohovať ako veľká firma
Nový a čoraz rozšírenejší typ vírusu - ransomware, ktorý zašifruje dáta a za ich odšifrovanie požaduje výkupné. Bezpečné zálohovanie dát na cloude. Čo priniesol cloud v oblasti zálohovania. Základné pravidlo 3-2-1. Automatické zálohovanie. Šifrované dáta.
Salvato in:
| Autore principale: | |
|---|---|
| Natura: | Capitolo di libro |
| Lingua: | slovacco |
| Soggetti: | |
| Tags: |
Nessun Tag, puoi essere il primo ad aggiungerne!!
|
MARC
| LEADER | 00000naa a2200000 4500 | ||
|---|---|---|---|
| 001 | 0215813 | ||
| 005 | 20231113105034.3 | ||
| 041 | 0 | |a slo | |
| 044 | |a SK | ||
| 245 | 1 | 0 | |a V cloude môže každý zálohovať ako veľká firma |c Miroslav Pikus |
| 520 | |a Nový a čoraz rozšírenejší typ vírusu - ransomware, ktorý zašifruje dáta a za ich odšifrovanie požaduje výkupné. Bezpečné zálohovanie dát na cloude. Čo priniesol cloud v oblasti zálohovania. Základné pravidlo 3-2-1. Automatické zálohovanie. Šifrované dáta. | ||
| 610 | 2 | 0 | |a cloud computing |
| 610 | 2 | 0 | |a dáta |
| 610 | 2 | 0 | |a archívy |
| 610 | 2 | 0 | |a firmy |
| 610 | 2 | 0 | |a bezpečnosť informačná |
| 100 | 1 | |a Pikus, Miroslav | |